Gaming Quiz

Random Gaming or Clickable Quiz

Clickable Spyro 3 levels Quiz Stats

 Plays Quiz not verified by Sporcle

Also try: Gaming Pop-Ups
Challenge
Share
Tweet
Embed
Score 0/33 Timer 05:00
0 Plays Today
% Correct
Bamboo Terrace
81.8%
Sheila's Alp
81.6%
Agent 9's Lab
81.4%
Bentley's Outpost
80.6%
Sgt. Byrd's Base
79.8%
Fireworks Factory
79.8%
Sunny Villa
79.4%
Cloud Spires
78.5%
Buzz's Dungeon
76.5%
Super Bonus Round
76.5%
Sorceress's Lair
76.3%
Molten Crater
75.9%
Seashell Shore
75.9%
Frozen Altars
75.7%
Icy Peak
73.7%
Crawdad Farms
71.9%
Desert Ruins
71.3%
% Correct
Haunted Tomb
70.9%
Spooky Swamp
70.4%
Enchanted Towers
69.6%
Mushroom Speedway
69.4%
Charmed Ridge
69.2%
Lost Fleet
68.8%
Spike's Arena
68.6%
Honey Speedway
68.6%
Harbor Speedway
67.6%
Scorch's Pit
67%
Crystal Islands
66.8%
Country Speedway
65.8%
Bugbot Factory
65.4%
Dino Mines
62.3%
Spider Town
59.5%
Starfish Reef
58.7%

You're not logged in!

Compare scores with friends on all Sporcle quizzes.
OR
Log In

You Might Also Like...

Show Comments

Extras

Created Aug 21, 2012ReportNominate
Tags:Clickable Quiz, level, spyro

Top Quizzes Today


Score Distribution

Your Account Isn't Verified!

In order to create a playlist on Sporcle, you need to verify the email address you used during registration. Go to your Sporcle Settings to finish the process.

Report this User

Report this user for behavior that violates our Community Guidelines.

Details: